000 00522nam a2200193Ia 4500
005 20250326143032.0
008 250326s9999 xx 000 0 und d
020 _a0-673-18035-2
037 _aTextbook
040 _aFMSL
_beng
_cFMSL
041 _aeng
_2eng
084 _aX:8 M6
_qFMSL
100 _aRaymond H A
_9747085
245 0 _aManagement in third wave
_cRaymond H A
260 _aLondon Scott
_bLondon Scott, Foresman
_c1986
300 _a255p
942 _cTB
_hX:8 M6
999 _c1297813
_d1297813